Gentleman of Music (The) (Record n. 99062)
[ formato base ]
| 000 -LEADER | |
|---|---|
| fixed length control field | 01978njm a2200289Ia 4500 |
| 001 - CONTROL NUMBER | |
| control field | 24180 |
| 003 - CONTROL NUMBER IDENTIFIER | |
| control field | IT-RoPAU |
| 005 - DATE AND TIME OF LATEST TRANSACTION | |
| control field | 20220918181112.0 |
| 008 - FIXED-LENGTH DATA ELEMENTS--GENERAL INFORMATION | |
| fixed length control field | 131025s9999 xx 000 0 und d |
| 040 ## - CATALOGING SOURCE | |
| Original cataloging agency | IT-RoPAU |
| 040 ## - CATALOGING SOURCE | |
| Transcribing agency | IT-RoPAU |
| 999 ## - SYSTEM CONTROL NUMBERS (KOHA) | |
| Koha Dewey Subclass [OBSOLETE] | n.d. |
| 100 ## - MAIN ENTRY--PERSONAL NAME | |
| Personal name | AA.VV. |
| 9 (RLIN) | 794 |
| 100 ## - MAIN ENTRY--PERSONAL NAME | |
| Relator term | Autore musica |
| 9 (RLIN) | 9371 |
| 100 ## - MAIN ENTRY--PERSONAL NAME | |
| Miscellaneous information | Codice autore musica SPICS: 12000 |
| 9 (RLIN) | 796 |
| 245 ## - TITLE STATEMENT | |
| Title | Gentleman of Music (The) |
| 250 ## - EDITION STATEMENT | |
| Edition statement | 1a ed. |
| 260 ## - PUBLICATION, DISTRIBUTION, ETC. (IMPRINT) | |
| Place of publication, distribution, etc. | ITALIA |
| 260 ## - PUBLICATION, DISTRIBUTION, ETC. (IMPRINT) | |
| Name of publisher, distributor, etc. | POLYDOR |
| 300 ## - PHYSICAL DESCRIPTION | |
| Extent | DISCO |
| 300 ## - PHYSICAL DESCRIPTION | |
| Dimensions | 80 minuti (Testo: pag.) |
| 500 ## - GENERAL NOTE | |
| General note | Musica strumentale. Arrangiamento. Autori vari. |
| 505 ## - FORMATTED CONTENTS NOTE | |
| Formatted contents note | Lieberstraum (3:00) - Solvieg's Song (6:00) - Fur Elise (6:00) - The Red Sarafan (3:00) - Yearning For You (4:00) - You Shall Be the King of My Heart (2:00) - Say You To me (19:00) - You Too! (2:00) - Schon Ist Die Welt (2:00) - Meine Lippen, Die Kussen So Heiss (2:00) - When the Flags Are Flying (2:00) - Lady of Spain (2:00) - March From Carmen (5:00) - Oh! Susanna (2:00) - What Can Sigismund Do, He's So Beautiful! (2:00) - Pardon me, madame (2:00) - I Saw Ms. Helen Taking a Bath! (2:00) - She's Too Fat For Me (3:00) - American Patrol (3:00) - Charmaine (5:00) - On the Street Where You Live [(From My Fair Lady) (4:00)] - Close To You (4:00) - A media luz (3:00) - The Importance of Your Love (5:00) - Dance With me. Once Again (2:00) - Everyone Likes You-One Loves You (2:00) - I Know That You Love Me (2:00) - Rum and Coca Cola (2:00) - Quando quando (2:00) - Anuschka (2:00) - Abendstunde Hat Gold Im Munde (2:00) - Geh Alte, Schau Mi Net So Teppert An (2:00) - Isle of Capri (3:00) - Buona sera (1:00) - Oh, Marie (2:00) - Come and Have a Drink (2:00) - La felicitad (2:00) - We Love Storms (5:00) - Hey, Hey, Hey (2:00) - Annchen Von Tharau (2:00) - Three Brothers (2:00) |
| 650 ## - SUBJECT ADDED ENTRY--TOPICAL TERM | |
| Topical term or geographic name as entry element | ARRANGIAMENTO [DISCHI] |
| Relator term | Codice MATERIA SPICS: 9950 |
| 9 (RLIN) | 9372 |
| 700 ## - ADDED ENTRY--PERSONAL NAME | |
| Personal name | Last James |
| Relator term | Inteprete |
| Miscellaneous information | Codice interprete SPICS: 10976 |
| 9 (RLIN) | 9373 |
| 942 ## - ADDED ENTRY ELEMENTS (KOHA) | |
| Koha item type | DISCHI |
| Source of classification or shelving scheme | Dewey Decimal Classification |
| Withdrawn status | Lost status | Damaged status | Not for loan | Home library | Current library | Date acquired | Total Checkouts | Full call number | Date last seen | Price effective from | Koha item type | Public note |
|---|---|---|---|---|---|---|---|---|---|---|---|---|
| Buone Condizioni | Not For Loan | SPICS-MEDIATECA | SPICS-MEDIATECA | 25/10/2013 | 24180 | 25/10/2013 | 25/10/2013 | DISCHI | Progr. Ins.: 5027 / N.Vol.: 2 / Copie: 1 - Copia rara: n.d. / date import: 01.01.2014 - By Epidotti, Trombetti, Vaglietti |